[Event "Paris-ch IdF"]
[Site "Paris"]
[Date "2023.07.14"]
[Round "5"]
[White "Riff, Vincent"]
[Black "Rodriguez, Adrien"]
[Result "1/2-1/2"]
[WhiteElo "2383"]
[BlackElo "2300"]
[PlyCount "94"]
[EventDate "2023.07.11"]
[EventType "swiss"]
[EventRounds "9"]
[EventCountry "FRA"]
[SourceTitle "CBM 215 Extra"]
[Source "ChessBase"]
[SourceDate "2023.09.30"]
[SourceVersion "1"]
[SourceVersionDate "2023.09.30"]
[SourceQuality "1"]

1. e4 e5 2. d4 exd4 3. Nf3 Nc6 4. Nxd4 Qf6 5. Nf3 Qg6 6. Be2 Be7 7. 0-0 Nh6 8. Nc3 0-0 9. Nd5 Bd8 10. Bd3 Kh8 11. e5 Qe6 12. Nf4 Qe7 13. Re1 d6 14. Nd5 Qe6 15. Bc4 Nxe5 16. Bf4 Qg4 17. Be2 Qg6 18. Nxe5 dxe5 19. Bxe5 Bf5 20. Qd4 f6 21. Bg3 Bxc2 22. Qb4 c5 23. Qxc5 Rg8 24. Bc4 Qf5 25. Qb4 Be4 26. Ne3 Qa5 27. Qb3 Re8 28. Nd5 Bb6 29. Nxb6 axb6 30. f3 Bc6 31. Bf2 b5 32. Bf1 Rxe1 33. Bxe1 Qa4 34. Qxa4 bxa4 35. Rd1 Nf7 36. b4 axb3 37. axb3 Rd8 38. Rc1 Nd6 39. Rc5 Nf7 40. b4 Rd5 41. Rc1 Nd6 42. Ra1 g6 43. Rc1 Kg7 44. Bg3 Nb5 45. Bc4 Rd4 46. Bxb5 Bxb5 47. Rc7+ Rd7 1/2-1/2

[Event "Paris-ch IdF"]
[Site "Paris"]
[Date "2023.07.11"]
[Round "1"]
[White "Bogner, Sebastian"]
[Black "Rodriguez, Adrien"]
[Result "1/2-1/2"]
[WhiteElo "2533"]
[BlackElo "2300"]
[PlyCount "68"]
[EventDate "2023.07.11"]
[EventType "swiss"]
[EventRounds "9"]
[EventCountry "FRA"]
[SourceTitle "CBM 215 Extra"]
[Source "ChessBase"]
[SourceDate "2023.09.30"]
[SourceVersion "1"]
[SourceVersionDate "2023.09.30"]
[SourceQuality "1"]

1. c4 e6 2. Nf3 d5 3. e3 Nf6 4. Nc3 Bd6 5. b3 0-0 6. Bb2 Re8 7. d4 b6 8. cxd5 exd5 9. Bb5 Re7 10. 0-0 a6 11. Bd3 Bb7 12. Qc2 Nbd7 13. Rfd1 Re8 14. Bf5 g6 15. Bh3 h5 16. Ne2 Ng4 17. Nf4 Qf6 18. Nd3 a5 19. Nfe5 Qf5 20. Rac1 Ndf6 21. Qe2 Qg5 22. Qf3 a4 23. b4 a3 24. Bc3 Ba6 25. g3 Bc8 26. Bg2 Bf5 27. Qf4 Qxf4 28. gxf4 Ra4 29. Be1 Bc8 30. Rb1 Bf5 31. Rb3 Kg7 32. Rc1 Rea8 33. b5 Nh6 34. Nb4 Be4 1/2-1/2

[Event "FRA-ch Rapid"]
[Site "Port Marly"]
[Date "2022.05.29"]
[Round "4"]
[White "Lagarde, Maxime"]
[Black "Rodriguez, Adrien"]
[Result "1-0"]
[WhiteElo "2628"]
[BlackElo "2263"]
[PlyCount "73"]
[EventDate "2022.05.29"]
[EventType "swiss (rapid)"]
[EventRounds "9"]
[EventCountry "FRA"]
[SourceTitle "CBM 208 Extra"]
[Source "ChessBase"]
[SourceDate "2022.07.31"]
[SourceVersion "1"]
[SourceVersionDate "2022.07.31"]
[SourceQuality "1"]

1. Nf3 d5 2. e3 Nf6 3. c4 e6 4. b3 Be7 5. Bb2 0-0 6. Nc3 b6 7. cxd5 exd5 8. d4 c5 9. dxc5 bxc5 10. Be2 Nc6 11. 0-0 Be6 12. Rc1 Rc8 13. Na4 Ne4 14. Nd2 Nxd2 15. Qxd2 Nb8 16. Rfd1 d4 17. exd4 cxd4 18. Qxd4 Qxd4 19. Bxd4 Nc6 20. Bc5 Rfe8 21. Bxe7 Nxe7 22. Nc5 Bf5 23. g4 Bg6 24. Bf3 Nc6 25. h3 Ne5 26. Bg2 f5 27. f4 Nf7 28. Kf2 Nh6 29. g5 Nf7 30. Bf3 h6 31. h4 hxg5 32. hxg5 Rcd8 33. Rxd8 Rxd8 34. Ne6 Re8 35. Bd5 Bh5 36. Rc7 Kh7 37. Rxa7 1-0

[Event "Paris IM"]
[Site "Paris"]
[Date "2022.03.04"]
[Round "9"]
[White "Rodriguez, Adrien"]
[Black "Razafindratsima, Timothe"]
[Result "1-0"]
[WhiteElo "2306"]
[BlackElo "2386"]
[PlyCount "53"]
[EventDate "2022.02.28"]
[EventType "tourn"]
[EventRounds "9"]
[EventCountry "FRA"]
[EventCategory "5"]
[SourceTitle "CBM 207 Extra"]
[Source "ChessBase"]
[SourceDate "2022.05.31"]
[SourceVersion "1"]
[SourceVersionDate "2022.05.31"]
[SourceQuality "1"]

1. e4 e5 2. Nf3 Nc6 3. Bb5 f5 4. d3 fxe4 5. dxe4 Nf6 6. Bc4 d6 7. 0-0 Na5 8. Bd3 Bg4 9. h3 Bh5 10. Nbd2 Be7 11. b4 Nc6 12. b5 Nd4 13. Bc4 c6 14. bxc6 bxc6 15. g4 Nxf3+ 16. Nxf3 Bg6 17. Ng5 Nxe4 18. Ne6 Qb6 19. Be3 Qb4 20. Nxg7+ Kd7 21. Rb1 Qxc4 22. Rb7+ Kd8 23. Bxa7 Rg8 24. Bb6+ Kc8 25. Rc7+ Kb8 26. Rxe7 Nc3 27. Qxd6+ 1-0

[Event "Paris IM"]
[Site "Paris"]
[Date "2022.03.02"]
[Round "5"]
[White "Rodriguez, Adrien"]
[Black "Droin, Augustin"]
[Result "0-1"]
[WhiteElo "2306"]
[BlackElo "2343"]
[PlyCount "94"]
[EventDate "2022.02.28"]
[EventType "tourn"]
[EventRounds "9"]
[EventCountry "FRA"]
[EventCategory "5"]
[SourceTitle "CBM 207 Extra"]
[Source "ChessBase"]
[SourceDate "2022.05.31"]
[SourceVersion "1"]
[SourceVersionDate "2022.05.31"]
[SourceQuality "1"]

1. d4 d5 2. Nf3 Nf6 3. c4 e6 4. Nc3 c6 5. e3 Nbd7 6. Qc2 Bd6 7. b3 b6 8. Be2 Bb7 9. Bb2 Rc8 10. 0-0 c5 11. dxc5 bxc5 12. Rad1 0-0 13. Rfe1 Bb8 14. cxd5 exd5 15. Qf5 Re8 16. Bb5 Re7 17. Qh3 Ne5 18. Nh4 a6 19. Be2 Rd7 20. f4 Ng6 21. Nxg6 hxg6 22. Bf3 Ba7 23. Ne2 Qe7 24. Ng3 Rcd8 25. Qh4 Bb8 26. Qg5 Re8 27. h4 d4 28. Bxb7 Rxb7 29. exd4 Qxe1+ 30. Rxe1 Rxe1+ 31. Kh2 cxd4 32. Bxd4 Rb5 33. Be5 Bxe5 34. fxe5 Rbxe5 35. Qf4 Nh5 36. Nxh5 gxh5 37. Qc4 a5 38. Qc8+ Kh7 39. Qc2+ g6 40. Qc3 R1e4 41. g3 Rd5 42. Qf3 Rd2+ 43. Kh3 Re7 44. Qf6 Red7 45. Qc6 R7d5 46. Qc3 Rxa2 47. g4 Rad2 0-1

[Event "Paris IM"]
[Site "Paris"]
[Date "2022.03.01"]
[Round "3"]
[White "Rodriguez, Adrien"]
[Black "David, Alberto"]
[Result "0-1"]
[WhiteElo "2306"]
[BlackElo "2545"]
[PlyCount "89"]
[EventDate "2022.02.28"]
[EventType "tourn"]
[EventRounds "9"]
[EventCountry "FRA"]
[EventCategory "5"]
[SourceTitle "CBM 207 Extra"]
[Source "ChessBase"]
[SourceDate "2022.05.31"]
[SourceVersion "1"]
[SourceVersionDate "2022.05.31"]
[SourceQuality "1"]

1. d4 Nf6 2. c4 e6 3. Nf3 d5 4. Nc3 dxc4 5. e4 b5 6. e5 Nd5 7. Nxb5 Nb6 8. Be2 Be7 9. 0-0 Nc6 10. Be3 0-0 11. Qb1 Rb8 12. Nc3 Nd5 13. Bd2 Ba6 14. a3 Na5 15. Nxd5 Qxd5 16. Bxa5 Qxa5 17. Qc2 c5 18. dxc5 Rfc8 19. Rad1 h6 20. Rd4 Bxc5 21. Rg4 Be7 22. Qc1 Kf8 23. Qc2 Kg8 24. Qc1 Kh8 25. Qf4 Rf8 26. Bxc4 Rxb2 27. Bxa6 Qxa6 28. h4 Qxa3 29. Rd1 Rb4 30. Rd4 Rxd4 31. Nxd4 Bc5 32. Kh2 Qb2 33. Nf3 Qxf2 34. Rg3 Be3 35. Qg4 Rg8 36. Rh3 a5 37. Qe4 Rb8 38. Rg3 Kg8 39. Kh3 Bc5 40. Qa4 Qf1 41. Qxa5 Qh1+ 42. Kg4 Rb4+ 43. Kh5 g6+ 44. Rxg6+ fxg6+ 45. Kxg6 0-1

[Event "Paris IM"]
[Site "Paris"]
[Date "2022.02.28"]
[Round "1"]
[White "Fedorchuk, Sergey A"]
[Black "Rodriguez, Adrien"]
[Result "1-0"]
[WhiteElo "2605"]
[BlackElo "2306"]
[PlyCount "97"]
[EventDate "2022.02.28"]
[EventType "tourn"]
[EventRounds "9"]
[EventCountry "FRA"]
[EventCategory "5"]
[SourceTitle "CBM 207 Extra"]
[Source "ChessBase"]
[SourceDate "2022.05.31"]
[SourceVersion "1"]
[SourceVersionDate "2022.05.31"]
[SourceQuality "1"]

1. e4 e5 2. Nf3 Nf6 3. Nxe5 d6 4. Nf3 Nxe4 5. Nc3 Nxc3 6. dxc3 Be7 7. Be3 Nd7 8. Qd2 0-0 9. 0-0-0 c6 10. h4 d5 11. Ng5 Nc5 12. f3 b5 13. g4 f5 14. gxf5 Bxf5 15. Rg1 Ne6 16. Nxe6 Bxe6 17. Bd4 Rf6 18. Bd3 Kh8 19. Rde1 Bg8 20. Qg5 Bf8 21. h5 Rf7 22. h6 Qxg5+ 23. Rxg5 c5 24. Be5 a6 25. b4 c4 26. Bf5 Re7 27. hxg7+ Bxg7 28. Rxg7 Rxg7 29. Rg1 Raa7 30. Bc8 h5 31. Rg5 Kh7 32. Bxg7 Rxg7 33. Rxh5+ Kg6 34. Rh4 Ra7 35. Rg4+ Kh7 36. Kb2 Bf7 37. Rg5 Kh6 38. f4 a5 39. bxa5 Rxa5 40. Bd7 Ra6 41. Bxb5 Rf6 42. a4 Rxf4 43. Rg1 d4 44. cxd4 Rxd4 45. Kc3 Rh4 46. a5 Bd5 47. a6 Rh2 48. Bxc4 Be4 49. Bd3 1-0

[Event "FRA-ch Accession"]
[Site "Agen"]
[Date "2017.08.24"]
[Round "6"]
[White "Housieaux, David"]
[Black "Rodriguez, Adrien"]
[Result "1/2-1/2"]
[WhiteElo "2409"]
[BlackElo "2252"]
[PlyCount "144"]
[EventDate "2017.08.19"]
[EventType "swiss"]
[EventRounds "9"]
[EventCountry "FRA"]
[SourceTitle "EXT 2019"]
[Source "ChessBase"]
[SourceDate "2018.10.10"]
[SourceVersion "1"]
[SourceVersionDate "2018.10.10"]
[SourceQuality "1"]

1. c4 c5 2. g3 Nf6 3. Bg2 e6 4. Nf3 a6 5. Nc3 Be7 6. d4 cxd4 7. Nxd4 Qc7 8. 0-0 Nc6 9. Nb3 d6 10. Bf4 Nh5 11. Bd2 Ne5 12. Rc1 0-0 13. Na4 Nc6 14. Be3 Nf6 15. Bb6 Qb8 16. Qd2 Bd7 17. Be3 Qe8 18. Nb6 Rd8 19. h3 e5 20. Kh2 Be6 21. Rfd1 d5 22. cxd5 Nxd5 23. Nxd5 Bxd5 24. Bxd5 Nb4 25. Nc5 Nxd5 26. Nxb7 Nxe3 27. Qxe3 Rxd1 28. Rxd1 Qb5 29. Nd6 Qxb2 30. Nf5 Qa3 31. Rd3 Qb4 32. Qxe5 Bf6 33. Nh6+ Kh8 34. Qd6 Qxd6 35. Rxd6 Be7 36. Rd7 Bc5 37. Ng4 f5 38. Ne3 Bxe3 39. fxe3 h6 40. Kg2 Re8 41. Kf3 Re5 42. Rd4 Ra5 43. a4 Kg8 44. h4 Kf7 45. h5 Kf6 46. Kf4 Kf7 47. Rb4 Kf6 48. e4 fxe4 49. g4 e3 50. Rc4 Kf7 51. Kxe3 g6 52. Rc7+ Kg8 53. hxg6 Rxa4 54. Kf3 a5 55. e4 Ra1 56. e5 Re1 57. Kf4 a4 58. Ra7 Rf1+ 59. Ke4 Ra1 60. e6 a3 61. e7 Re1+ 62. Kf5 a2 63. Rxa2 Rxe7 64. Kf6 Re8 65. Ra7 Rb8 66. Rg7+ Kf8 67. Re7 Kg8 68. Kf5 Rb5+ 69. Kf6 Rb8 70. g7 Rb6+ 71. Kf5 Ra6 72. Rb7 Rc6 1/2-1/2

[Event "FRA-ch Accession"]
[Site "Agen"]
[Date "2017.08.19"]
[Round "3"]
[White "Rodriguez, Adrien"]
[Black "Flachet, Thierry"]
[Result "1-0"]
[WhiteElo "2252"]
[BlackElo "2104"]
[PlyCount "85"]
[EventDate "2017.08.19"]
[EventType "swiss"]
[EventRounds "9"]
[EventCountry "FRA"]
[SourceTitle "EXT 2019"]
[Source "ChessBase"]
[SourceDate "2018.10.10"]
[SourceVersion "1"]
[SourceVersionDate "2018.10.10"]
[SourceQuality "1"]

1. d4 d5 2. c4 c6 3. Nc3 Nf6 4. Nf3 a6 5. g3 g6 6. Bg2 Bg7 7. 0-0 0-0 8. cxd5 cxd5 9. Ne5 e6 10. Qb3 Nbd7 11. Nxd7 Nxd7 12. Rd1 Qb6 13. e4 dxe4 14. Nxe4 Qxb3 15. axb3 Nb6 16. Nc3 Rd8 17. Be3 Nd5 18. Nxd5 exd5 19. Rdc1 Be6 20. Rc7 Rab8 21. Kf1 Rd6 22. Rac1 h6 23. R7c5 g5 24. h4 Rb6 25. hxg5 hxg5 26. Bxd5 Bf8 27. Bxe6 Bxc5 28. dxc5 Rxe6 29. Bxg5 Rc8 30. Rc3 Re5 31. Be3 Rd5 32. Ke2 Rc6 33. b4 Re6 34. Rc4 f5 35. Kf3 Rg6 36. b5 Rd7 37. c6 bxc6 38. bxa6 Rd8 39. Rc5 Ra8 40. Ra5 Kf7 41. Rxf5+ Rf6 42. Rxf6+ Kxf6 43. a7 1-0

[Event "Rotterdam Basamro blitz op "]
[Site "Rotterdam"]
[Date "2015.10.24"]
[Round "1"]
[White "Rodriguez, Adrien"]
[Black "Dubbeldam, Bart"]
[Result "1-0"]
[WhiteElo "2320"]
[BlackElo "1849"]
[PlyCount "73"]
[EventDate "2015.10.24"]
[EventType "swiss (blitz)"]
[EventRounds "8"]
[EventCountry "NED"]
[SourceTitle "EXT 2018"]
[Source "ChessBase"]
[SourceDate "2017.10.13"]
[SourceVersion "1"]
[SourceVersionDate "2017.10.13"]
[SourceQuality "1"]

1. c4 f5 2. g3 Nf6 3. Bg2 d6 4. Nc3 g6 5. d4 Bg7 6. Nh3 c6 7. 0-0 Nbd7 8. Qc2 0-0 9. Rd1 Qe8 10. d5 Ne5 11. b3 Bd7 12. Bb2 h6 13. f3 Rc8 14. Qd2 g5 15. Nf2 Qh5 16. Qe3 c5 17. h3 g4 18. hxg4 fxg4 19. f4 Ng6 20. Qd3 Nh8 21. e4 Qf7 22. e5 dxe5 23. fxe5 Nh5 24. Nce4 Bf5 25. Rf1 e6 26. Qe3 Qd7 27. Nd6 Rcd8 28. Nfe4 Ng6 29. dxe6 Bxe6 30. Nxc5 Qe7 31. Nxe6 Qxe6 32. Bd5 Rxd6 33. exd6 Rxf1+ 34. Rxf1 Kh7 35. Bxe6 Bxb2 36. Rf7+ Ng7 37. Bf5 1-0

[Event "Rotterdam Basamro blitz op "]
[Site "Rotterdam"]
[Date "2015.10.24"]
[Round "5"]
[White "Rodriguez, Adrien"]
[Black "Galchenko, Matvey"]
[Result "0-1"]
[WhiteElo "2320"]
[BlackElo "2184"]
[PlyCount "81"]
[EventDate "2015.10.24"]
[EventType "swiss (blitz)"]
[EventRounds "8"]
[EventCountry "NED"]
[SourceTitle "EXT 2018"]
[Source "ChessBase"]
[SourceDate "2017.10.13"]
[SourceVersion "1"]
[SourceVersionDate "2017.10.13"]
[SourceQuality "1"]

1. d4 Nf6 2. Nf3 c5 3. c4 e6 4. g3 cxd4 5. Nxd4 Nc6 6. Bg2 Qb6 7. Nb3 d5 8. cxd5 exd5 9. 0-0 Be6 10. Nc3 d4 11. Na4 Qa6 12. Nac5 Bxc5 13. Nxc5 Qb6 14. Nxe6 fxe6 15. Bf4 0-0 16. Rc1 Rad8 17. Qa4 Nd5 18. Bd2 Kh8 19. Bg5 Rd7 20. Bh3 Re8 21. Qc2 Rf7 22. Qe4 Nf6 23. Qh4 Ne5 24. Rfd1 Ng6 25. Qxd4 Qa6 26. Qc4 Qb6 27. Be3 Qxb2 28. Bxe6 Rfe7 29. Bf5 Ne5 30. Qd4 Qxa2 31. Ra1 Qxe2 32. Qf4 Nf3+ 33. Kg2 Rxe3 34. Bg4 Nxg4 35. Qxg4 Ne1+ 36. Kh3 Qxg4+ 37. Kxg4 Nf3 38. fxe3 Ne5+ 39. Kh3 Nc4 40. Rxa7 Nxe3 41. Rc1 0-1

[Event "Rotterdam Basamro blitz op "]
[Site "Rotterdam"]
[Date "2015.10.24"]
[Round "4"]
[White "Sych, Alina"]
[Black "Rodriguez, Adrien"]
[Result "0-1"]
[WhiteElo "1455"]
[BlackElo "2320"]
[PlyCount "74"]
[EventDate "2015.10.24"]
[EventType "swiss (blitz)"]
[EventRounds "8"]
[EventCountry "NED"]
[SourceTitle "EXT 2018"]
[Source "ChessBase"]
[SourceDate "2017.10.13"]
[SourceVersion "1"]
[SourceVersionDate "2017.10.13"]
[SourceQuality "1"]

1. e4 c5 2. Nf3 d6 3. d4 cxd4 4. Nxd4 Nf6 5. Nc3 a6 6. Be3 e5 7. Nb3 Be6 8. f3 Be7 9. Be2 0-0 10. 0-0 Nbd7 11. Nd5 Bxd5 12. exd5 b5 13. f4 Nb6 14. fxe5 dxe5 15. Bxb6 Qxb6+ 16. Kh1 Rad8 17. c4 bxc4 18. Bxc4 Rc8 19. Rc1 Rfd8 20. Rf5 a5 21. Rxe5 Bd6 22. Re1 a4 23. Nd4 Bf4 24. Rc2 h5 25. g3 Bb8 26. Qd3 Ng4 27. h3 Ne5 28. Qe2 Qxd4 29. Qxe5 Bxe5 30. Rxe5 Qxe5 31. d6 Rxc4 32. Rxc4 Qd5+ 33. Kh2 Qxc4 34. d7 Rxd7 35. g4 Rd3 36. b3 Qc2+ 37. Kh1 Rd1# 0-1

[Event "Rotterdam Basamro blitz op "]
[Site "Rotterdam"]
[Date "2015.10.24"]
[Round "2"]
[White "Willson, Ollie"]
[Black "Rodriguez, Adrien"]
[Result "0-1"]
[WhiteElo "2044"]
[BlackElo "2320"]
[PlyCount "78"]
[EventDate "2015.10.24"]
[EventType "swiss (blitz)"]
[EventRounds "8"]
[EventCountry "NED"]
[SourceTitle "EXT 2018"]
[Source "ChessBase"]
[SourceDate "2017.10.13"]
[SourceVersion "1"]
[SourceVersionDate "2017.10.13"]
[SourceQuality "1"]

1. d4 Nf6 2. Nf3 e6 3. g3 c5 4. Bg2 cxd4 5. Nxd4 d5 6. 0-0 Nc6 7. c4 Bc5 8. Nb3 Be7 9. cxd5 Nxd5 10. e4 Ndb4 11. Nc3 0-0 12. Qe2 b6 13. Rd1 Qe8 14. a3 Ba6 15. Nb5 Ne5 16. N3d4 Nbc6 17. Qe1 Nxd4 18. Nxd4 Rd8 19. Be3 Nc4 20. Qc3 Nxe3 21. Qxe3 Bc5 22. b4 Bxd4 23. Rxd4 Qe7 24. Rad1 Rxd4 25. Qxd4 Rc8 26. h4 h6 27. Qd7 Rc7 28. Qd8+ Kh7 29. e5 Qxd8 30. Rxd8 Bb7 31. Kh2 Bxg2 32. Kxg2 a5 33. bxa5 bxa5 34. Ra8 Rc5 35. Ra7 Rxe5 36. Rxf7 Kg6 37. Ra7 Rc5 38. Ra6 Kf6 39. Kf3 Kf7 0-1

[Event "Paris-ch op 90th"]
[Site "Paris"]
[Date "2015.07.06"]
[Round "3"]
[White "Rodriguez, Adrien"]
[Black "Philippe, Guillaume"]
[Result "0-1"]
[WhiteElo "2274"]
[BlackElo "2309"]
[PlyCount "112"]
[EventDate "2015.07.04"]
[EventType "swiss"]
[EventRounds "9"]
[EventCountry "FRA"]
[SourceTitle "CBM 167 Extra"]
[Source "ChessBase"]
[SourceDate "2015.09.14"]
[SourceVersion "1"]
[SourceVersionDate "2015.09.14"]
[SourceQuality "1"]

1. d4 Nf6 2. Nf3 e6 3. g3 b6 4. Bg2 Bb7 5. c4 Be7 6. 0-0 0-0 7. d5 exd5 8. Nh4 Ne4 9. cxd5 Bxh4 10. Bxe4 Bf6 11. Bg2 d6 12. Nd2 Re8 13. Ne4 Nd7 14. Nxf6+ Qxf6 15. Rb1 a5 16. Be3 Ba6 17. Re1 Nc5 18. Bd4 Qg6 19. Bf3 Re7 20. Rc1 Rae8 21. Bxc5 bxc5 22. Qa4 h6 23. Qxa5 Bxe2 24. Qc3 Bxf3 25. Rxe7 Rxe7 26. Qxf3 Qe4 27. Kg2 Re5 28. Rd1 Qc2 29. Qd3 Re2 30. Qxc2 Rxc2 31. Rb1 Rd2 32. Kf3 Rxd5 33. Ke3 Kf8 34. Rc1 Rd4 35. b3 Rb4 36. Kd3 Ke7 37. Kc3 Kd7 38. Rf1 f5 39. f3 Rb8 40. Kd3 Re8 41. Rc1 g5 42. f4 gxf4 43. gxf4 Re4 44. Rf1 h5 45. Rf3 h4 46. a4 Kc6 47. Kc3 Kb6 48. Kd3 c6 49. Rf2 d5 50. Rf3 Ka5 51. Kc3 c4 52. bxc4 Rxc4+ 53. Kb3 Rb4+ 54. Kc3 Rxa4 55. Rf1 Rb4 56. Rf2 Rc4+ 0-1

[Event "FRA Cup final"]
[Site "Lyon"]
[Date "2015.06.27"]
[Round "1.1"]
[White "Lagarde, Maxime"]
[Black "Rodriguez, Adrien"]
[Result "1/2-1/2"]
[WhiteElo "2566"]
[BlackElo "2260"]
[PlyCount "95"]
[EventDate "2015.06.27"]
[EventType "team-k.o."]
[EventRounds "2"]
[EventCountry "FRA"]
[SourceTitle "CBM 167 Extra"]
[Source "ChessBase"]
[SourceDate "2015.09.14"]
[SourceVersion "1"]
[SourceVersionDate "2015.09.14"]
[SourceQuality "1"]
[WhiteTeam "Clichy"]
[BlackTeam "Lutece"]
[WhiteTeamCountry "FRA"]
[BlackTeamCountry "FRA"]

1. e4 c5 2. Nf3 d6 3. d4 cxd4 4. Nxd4 Nf6 5. Nc3 a6 6. h3 e5 7. Nde2 h5 8. Bg5 Be7 9. Qd3 Nbd7 10. a4 Nc5 11. Qf3 Qa5 12. Bxf6 Bxf6 13. Rb1 Qb4 14. Nc1 Be6 15. Nd3 Nxd3+ 16. Bxd3 Ke7 17. 0-0 g5 18. Be2 g4 19. Qd3 Qd4 20. Qxd4 exd4 21. Nd5+ Bxd5 22. exd5 Rag8 23. g3 Be5 24. hxg4 hxg4 25. a5 f5 26. Kg2 Rh5 27. Rh1 Rgh8 28. Rxh5 Rxh5 29. b4 Kd8 30. Rb3 Rh7 31. Bd3 Rf7 32. Rb1 f4 33. gxf4 Bxf4 34. Be2 Rc7 35. Bd3 Rg7 36. Rh1 Bd2 37. Rh8+ Ke7 38. b5 Bxa5 39. bxa6 bxa6 40. Bxa6 Kf6 41. Bd3 Bd2 42. Rh5 Rf7 43. Kg3 Ke7 44. Be2 Bf4+ 45. Kxg4 Be5 46. f3 Rf4+ 47. Kh3 Rf8 48. Rh7+ 1/2-1/2

[Event "Wch U16"]
[Site "Durban"]
[Date "2014.09.21"]
[Round "2"]
[White "Taylor, Adam C"]
[Black "Rodriguez, Adrien"]
[Result "1-0"]
[WhiteElo "2023"]
[BlackElo "2284"]
[PlyCount "92"]
[EventDate "2014.09.20"]
[EventType "swiss"]
[EventRounds "11"]
[EventCountry "RSA"]
[SourceTitle "CBM 162 Extra"]
[Source "ChessBase"]
[SourceDate "2014.10.17"]
[SourceVersion "1"]
[SourceVersionDate "2014.10.17"]
[SourceQuality "1"]

1. d4 Nf6 2. Nf3 e6 3. c4 d5 4. g3 Be7 5. Bg2 0-0 6. 0-0 Nbd7 7. Qc2 c5 8. Rd1 cxd4 9. Nxd4 e5 10. Nf5 d4 11. e3 Bc5 12. exd4 exd4 13. Nxd4 Qb6 14. Nb3 Ne5 15. Nxc5 Qxc5 16. Be3 Qxc4 17. Qxc4 Nxc4 18. Bd4 Rd8 19. Na3 Bg4 20. Nxc4 Bxd1 21. Rxd1 Rd7 22. Rd2 Rad8 23. Bxf6 Rxd2 24. Bxd8 Rd1+ 25. Bf1 Rxd8 26. a4 Rd1 27. Kg2 Kf8 28. Na5 Rd7 29. b3 Ke7 30. Nc4 Rd1 31. Ne3 Rd2 32. Bc4 Kf6 33. h4 h6 34. Bd5 b6 35. Bc4 Rd7 36. Kf3 Ke5 37. Nc2 Rc7 38. Ke3 g5 39. hxg5 hxg5 40. f4+ Kf5 41. Kf3 gxf4 42. gxf4 Rd7 43. Ne3+ Kg6 44. Ke4 Kf6 45. Bd5 Re7+ 46. Kd4 Rc7 1-0

[Event "Wch U16"]
[Site "Durban"]
[Date "2014.09.20"]
[Round "1"]
[White "Rodriguez, Adrien"]
[Black "Essop, Hishaam"]
[Result "1-0"]
[WhiteElo "2284"]
[BlackElo "1752"]
[PlyCount "75"]
[EventDate "2014.09.20"]
[EventType "swiss"]
[EventRounds "11"]
[EventCountry "RSA"]
[SourceTitle "CBM 162 Extra"]
[Source "ChessBase"]
[SourceDate "2014.10.17"]
[SourceVersion "1"]
[SourceVersionDate "2014.10.17"]
[SourceQuality "1"]

1. d4 Nf6 2. Nf3 g6 3. c4 Bg7 4. Nc3 0-0 5. g3 d6 6. Bg2 Nbd7 7. 0-0 e5 8. Qc2 Re8 9. h3 Qe7 10. Rd1 c6 11. e3 h5 12. b3 Nb8 13. Ba3 e4 14. Nd2 Bf5 15. Rac1 Na6 16. b4 d5 17. Qb3 Qd7 18. cxd5 cxd5 19. b5 Nc7 20. Kh2 Ne6 21. Na4 b6 22. Rc6 Bf8 23. Bxf8 Rxf8 24. Rdc1 Kg7 25. Qa3 Rfd8 26. f3 g5 27. fxe4 Nxe4 28. Nxe4 dxe4 29. Nc3 a6 30. Qb2 axb5 31. Nxe4 Bxe4 32. d5+ Kg8 33. dxe6 Qd2 34. exf7+ Kh7 35. f8Q Qxg2+ 36. Qxg2 Rxf8 37. Qxe4+ Kg7 38. Qg6+ 1-0

[Event "Canadian op 51st"]
[Site "Montreal"]
[Date "2014.07.25"]
[Round "8"]
[White "Gerzhoy, Leonid"]
[Black "Rodriguez, Adrien"]
[Result "1-0"]
[WhiteElo "2481"]
[BlackElo "2203"]
[PlyCount "87"]
[EventDate "2014.07.19"]
[EventType "swiss"]
[EventRounds "9"]
[EventCountry "CAN"]
[SourceTitle "CBM 161 Extra"]
[Source "ChessBase"]
[SourceDate "2014.08.29"]
[SourceVersion "1"]
[SourceVersionDate "2014.08.29"]
[SourceQuality "1"]

1. Nf3 c5 2. c4 Nc6 3. d4 cxd4 4. Nxd4 Nf6 5. Nc3 d6 6. e4 g6 7. Be2 Bg7 8. Be3 0-0 9. 0-0 Bd7 10. Qd2 Nxd4 11. Bxd4 Bc6 12. f3 Qa5 13. a3 Nd7 14. Bxg7 Kxg7 15. b4 Qb6+ 16. c5 dxc5 17. b5 c4+ 18. Kh1 Nc5 19. bxc6 Nb3 20. Qe1 Nxa1 21. cxb7 Qxb7 22. Qxa1 Rfc8 23. Nd5+ f6 24. Rb1 Qd7 25. Qc3 Rab8 26. Rxb8 Rxb8 27. g4 Rb3 28. Qxc4 Rxa3 29. Kg2 Qd6 30. h4 Qe6 31. g5 h6 32. gxf6+ exf6 33. Qc7+ Qf7 34. Ne7 Ra2 35. Kf1 h5 36. Nf5+ gxf5 37. Qxf7+ Kxf7 38. Bc4+ Ke7 39. Bxa2 fxe4 40. f4 a5 41. Bb3 f5 42. Ke2 Kf6 43. Kd2 Kg7 44. Bd1 1-0

[Event "Canadian op 51st"]
[Site "Montreal"]
[Date "2014.07.23"]
[Round "6"]
[White "Perez Garcia, Rodney Oscar"]
[Black "Rodriguez, Adrien"]
[Result "1/2-1/2"]
[WhiteElo "2357"]
[BlackElo "2203"]
[PlyCount "92"]
[EventDate "2014.07.19"]
[EventType "swiss"]
[EventRounds "9"]
[EventCountry "CAN"]
[SourceTitle "CBM 161 Extra"]
[Source "ChessBase"]
[SourceDate "2014.08.29"]
[SourceVersion "1"]
[SourceVersionDate "2014.08.29"]
[SourceQuality "1"]

1. e4 c5 2. Nf3 d6 3. Bb5+ Bd7 4. Bxd7+ Qxd7 5. 0-0 Nc6 6. c3 Nf6 7. Re1 e6 8. d4 cxd4 9. cxd4 d5 10. e5 Ne4 11. Nbd2 Nxd2 12. Bxd2 Be7 13. Rc1 0-0 14. a3 b5 15. h4 Rfc8 16. Re2 a5 17. Bg5 Bf8 18. Rec2 a4 19. Qd2 b4 20. axb4 Nxb4 21. Rxc8 Rxc8 22. Rxc8 Qxc8 23. Qd1 Qa6 24. Bd2 Nd3 25. Qc2 Qc4 26. Qxc4 dxc4 27. Bc3 Bb4 28. Bxb4 Nxb4 29. Nd2 Nd3 30. Nxc4 Nxb2 31. Na3 Nd3 32. Kf1 f6 33. exf6 gxf6 34. Ke2 Nf4+ 35. Kf3 Nd5 36. Ke4 Kf7 37. g4 Kg6 38. f4 Ne7 39. h5+ Kf7 40. f5 exf5+ 41. gxf5 Ke8 42. d5 Nc8 43. Nc4 Nb6 44. Na3 Nc8 45. Nc4 Nb6 46. Na3 Nc8 1/2-1/2

[Event "Canadian op 51st"]
[Site "Montreal"]
[Date "2014.07.20"]
[Round "2"]
[White "Rodriguez, Adrien"]
[Black "Preotu, Razvan"]
[Result "0-1"]
[WhiteElo "2203"]
[BlackElo "2341"]
[PlyCount "77"]
[EventDate "2014.07.19"]
[EventType "swiss"]
[EventRounds "9"]
[EventCountry "CAN"]
[SourceTitle "CBM 161 Extra"]
[Source "ChessBase"]
[SourceDate "2014.08.29"]
[SourceVersion "1"]
[SourceVersionDate "2014.08.29"]
[SourceQuality "1"]

1. d4 Nf6 2. Nf3 g6 3. g3 Bg7 4. Bg2 0-0 5. 0-0 d6 6. c4 Nc6 7. Nc3 a6 8. h3 Rb8 9. Qc2 Bd7 10. d5 Na5 11. Nd2 c5 12. Rb1 b5 13. cxb5 axb5 14. b4 cxb4 15. Rxb4 Qc8 16. Qd3 Bxh3 17. Rxb5 Bxg2 18. Kxg2 Rxb5 19. Nxb5 Qc5 20. e4 Rc8 21. Na3 Nd7 22. Nf3 Nc4 23. Nxc4 Qxc4 24. Qxc4 Rxc4 25. Re1 Nc5 26. Bg5 f6 27. Be3 Nxe4 28. Nd4 f5 29. Ne6 Bf6 30. Rb1 Rc8 31. a4 Nc3 32. Rb4 Nxd5 33. Rb5 Nxe3+ 34. fxe3 Kf7 35. Nf4 Rc2+ 36. Kf1 Ra2 37. Ra5 Be5 38. Ne2 h5 39. Ng1 0-1